000 01125nam0a22003131 4500
001 rc\3434815
005 20250610003524.0
021 _aRU
_b[74-49871]
035 _a(NLR Aleph) 007587625
090 _a5576279
_c5576279
100 _a20130115d1974 |||y0rusy50 ca
101 1 _arus
_ccze
102 _aRU
105 _ay z |||a|
200 1 _aНичейная земля
_eПовесть
_fПеревод с чеш. Л.С. Каганова
210 _aМосква
_cВоениздат
_d1974
215 _a160 с.
_d21
300 _aДоп. тит. л.: Jiři Hájek. Uzemi nikoho
513 0 _aUzemi nikoho
606 _aПролетарский интернационализм (х. л.)
_2psbo
606 _aЗащита социализма в Чехословакии
_z1968 (х. л.)
_2psbo
607 _aЧехословацкая Социалистическая Республика (х. л.)
_2psbo
700 1 _aГаек
_bИ.
_f1913-
_gИржи
702 1 _aКаганов
_bЛ.С.
_4730
801 0 _aRU
_bNLR
_gpsbo
801 1 _aRU
_bELAR
_2rusmarc
852 _aNLR
_j74-3/516
942 _cBOOK
980 _aNB